000 00991nam0a2200289 4500
001 RU\NLR\bibl\1517522
005 20260405204116.0
010 _a978-5-4218-0006-4
_9100
021 _aRU
_b2010-31320
_92099
035 _a(NLR Aleph) 001508896
090 _a67781
_c67781
100 _a20100531d2009 |||y0rusy50 ca
101 0 _aukr
_drus
102 _aRU
105 _aa |||||||||
200 1 _aНа раздорiжжi
_eлiрика
_fЛариса Оленiна
_g[ил. Н. Захарова]
210 _aВоронеж
_cЦНТИ
_d2009
215 _a95 с.
_cил.
_d21
300 _aВ вып. дан. авт.: Лариса Оленiна (Позднякова Ляля Леонидiвна)
300 _aРез. на рус. яз.
686 _aШ6(2=Ук)7-5{Лх-у435}
700 1 _4070
_7ca
_8ukr
_aОленiна
_bЛ.
_gЛариса
_974336
_3RU\NLR\auth\7791409
801 0 _aRU
_bNLR
_c20100531
_gRCR
801 1 _aRU
_bNLR
_c20100531
942 _cBOOK
980 _aNB